| 000 | 00815nas a2200277 4500 | ||
|---|---|---|---|
| 001 | BR2016000498 | ||
| 003 | BR-BrBNA | ||
| 005 | 20231205130112.0 | ||
| 007 | ta | ||
| 008 | 230509b bl.|||p| |||| 00| 00por d | ||
| 040 |
_aBR-BrBNA _bpor _cBiblioteca Nacional de Agricultura |
||
| 041 | _a(Pt) | ||
| 072 | _aL01 | ||
| 100 | 1 | _aBaeta, J.S.V. | |
| 100 | 1 | _aCosta Júnior, J.D. da | |
| 100 | 1 | _aCosta, P.R. dos S. | |
| 100 | 1 | _aNonato, I. dos A. | |
| 100 | 1 | _aFonseca, L.A. | |
| 100 | 1 | _aValente, F.L. | |
| 245 | 1 | _aRecuperação do hematócrito após doação de sangue | |
| 650 | _aSANGUE | ||
| 650 | _aTRANSFUSAO SANGUINEA | ||
| 773 | 0 |
_tRevista CFMV (Brazil) _xISSN 1517-6959 _g(Oct - Dec 2015), v. 21(67) p. 26-28 _wBR2016000498 |
|
| 909 |
_a202311 _bLúcia _c55 _dLúcia Elande |
||
| 942 |
_2AGRIS _n0 _cANA |
||
| 999 |
_c247876 _d247876 |
||